000 00302nam a22001337a 4500
008 170907b xxu||||| |||| 00| 0 eng d
020 _a0948507292
041 _aeng
080 _a72
100 _a41
101 _aNDI
245 _aTHE CHANGING FACE OF MANUFACTURING
_cCOLLINS, J.A
942 _2udc
_cBK
999 _c26565
_d26565